=LDR 00000nam 2200000 4500 =001 INLIS000000000034878 =005 20200924091637 =035 ##$$a 0010-061300000034878 =008 200924################g##########0#ind## =041 ##$$a ind =082 ##$$a 306.403 =090 ##$$a 306.403, Dun d =245 ##$$a Dunia disekeliling kita /$c Penerjemah, Viktor H. Damanik ; Editor Agus Salim =260 ##$$a Bandung :$b Nuansa,$c 2008 =300 ##$$a 79 hlm. : $b Ilus ; $c 17,5 x 25 cm =650 #4$$a Sains dan peradaban - ensiklopedi =850 ##$$a NBPNMAT =020 ##$$a 978-602-8023-81-8 =084 ##$$a 306.403 DUN d =700 #$$a Damanik, Viktor H. =990 ##$$a 21008232 =990 ##$$a 21008233 =990 ##$$a 21008234 =990 ##$$a 21008231